Loading...

Vidyabhyasathinte samuhyabhumika/

Bibliografiske detaljer
Hovedforfatter: Joseph, J.
Format: Printed Book
Sprog:English
Udgivet: Trivandrum: State Institute of Languages, 1982
LEADER 00541nam a22001577a 4500
003 OSt
005 20200624134620.0
008 160317b xxu||||| |||| 00| 0 eng d
082 |a 370.19 JOS/V 
100 |a Joseph, J. 
245 |a Vidyabhyasathinte samuhyabhumika/  |c J. Joseph 
260 |a Trivandrum:  |b State Institute of Languages,  |c 1982 
300 |a 136p. 
942 |2 ddc  |c BK 
999 |c 327733  |d 327733 
952 |0 0  |1 0  |2 ddc  |4 0  |6 370_190000000000000_JOS_V  |7 0  |9 374306  |a CSC  |b CSC  |c ST1  |d 2016-03-17  |i 4378  |l 0  |o 370.19 JOS/V  |p CSC4378  |r 2016-03-17  |w 2016-03-17  |y BK